NHL Logos of Canada Quiz Stats

 Plays Quiz Updated Apr 26, 2018

Support Sporcle.
Go Orange.
Score 0/7 Timer 01:30
0 Plays Today
% Correct
Toronto Maple Leafs
96.3%
Winnipeg Jets
92.9%
Montreal Canadiens
89.7%
Calgary Flames
89.1%
Ottawa Senators
87.5%
Edmonton Oilers
85.7%
Vancouver Canucks
81.4%

You're not logged in!

Compare scores with friends on all Sporcle quizzes.
OR
Log In

From the Vault

Billboard Hot 100 of 2015

by rockgolf

These are the songs you've heard overplayed on the radio all year long.
Remove Ads.
Support Sporcle.
Get the best of Sporcle when you Go Orange. This ad-free experience offers more features, more stats, and more fun while also helping to support Sporcle. Thank you for becoming a member.

Show Comments

Extras

Top Quizzes Today


Score Distribution

Your Account Isn't Verified!

In order to create a playlist on Sporcle, you need to verify the email address you used during registration. Go to your Sporcle Settings to finish the process.

Report this User

Report this user for behavior that violates our Community Guidelines.

Details: